000 00691nam a2200229 4500
003 OSt
005 20150114171513.0
008 860228s1985 sp a 000 spa
020 _a84-239-2745-8
040 _cBMC
082 _a863.083
100 1 _aSennell, Joles
_929752
245 1 3 _aEl bosque encantado
_cJoles Sennell [seud.] ; traducción, Angelina Gatell ; ilustraciones de Vivi Escrivá
250 _a3ª ed
260 _aMadrid
_bEspasa-Calpe
_cD.L. 1985
300 _a119 p.
_bil.
_c17 cm
490 0 _aAustral juvenil
_v45
546 _aTraducción de: El bose encantat
650 2 4 _929788
_aNovela infantil española
700 1 _aEscrivá, Viví
_929751
942 _2ddc
_cBK
999 _c16965
_d16965